Ochrana osobných údajov

Zákon č. 428/2002 Z.z. o ochrane osobných údajov rieši postup pri získavaní osobných údajov, ochranu práv dotknutých osôb, registráciu a evidenciu informačných systémov a kontrolu zo strany úradu zriadeného na dodržiavanie zákona. Pohľad na vývoj ochrany osobných údajov. Vývoj definovania osobných ú...

Ausführliche Beschreibung

Gespeichert in:
Bibliographische Detailangaben
1. Verfasser: Gregušová, Daniela
Weitere Verfasser: Lipovský, Ľubomír
Format: Buchkapitel
Sprache:Slowakisch
Schlagworte:
Tags: Tag hinzufügen
Keine Tags, Fügen Sie das erste Tag hinzu!

MARC

LEADER 00000naa a2200000 4500
001 r048170
005 20231003082853.5
041 0 |a slo 
044 |a SK 
245 1 0 |a Ochrana osobných údajov  |c Daniela Gregušová, Ľubomír Lipovský 
520 |a Zákon č. 428/2002 Z.z. o ochrane osobných údajov rieši postup pri získavaní osobných údajov, ochranu práv dotknutých osôb, registráciu a evidenciu informačných systémov a kontrolu zo strany úradu zriadeného na dodržiavanie zákona. Pohľad na vývoj ochrany osobných údajov. Vývoj definovania osobných údajov. Postavenie a pôsobnosť Úradu na ochranu osobných údajov 
610 2 0 |a ochrana údajov osobných 
610 2 0 |a zákony 
610 2 0 |a história 
610 2 0 |a informácie 
610 2 0 |a systémy informačné 
610 2 0 |a kontrola 
610 2 0 |a Slovensko 
100 1 |a Gregušová, Daniela 
700 1 |a Lipovský, Ľubomír